| 000 | 00630nam a2200241Ia 4500 | ||
|---|---|---|---|
| 003 | OSt | ||
| 005 | 20221007071038.0 | ||
| 006 | a|||||r|||| 00| 0 | ||
| 007 | ta | ||
| 008 | 221006b |||||||| |||| 00| 0 eng d | ||
| 024 | _a15,054 | ||
| 037 | _cTextual | ||
| 040 |
_aFLL _cFLL _beng |
||
| 041 |
_2eng _aeng |
||
| 082 | _aZ2,805, P3.1 | ||
| 100 |
_aMitra B.B. Au. _9681541 |
||
| 245 | 0 | _aCode of criminal procedure, 1973 | |
| 260 |
_aKolkata _bKamal law house India _c2003 |
||
| 300 |
_a1088p _ccm. |
||
| 490 | _vVol.1 | ||
| 942 |
_hZ2,805, P3.1 _cTEXL _2CC |
||
| 999 |
_c1142274 _d1142274 |
||